=LDR 00000nam 2200000 4500 =001 INLIS000000000001528 =005 20130612085927 =008 ***********************************Ind** =035 ##$$0010-061300000001528 =041 ##$$a Ind =082 ##$$a 346.078 =090 ##$$a 346.078, Sit-p =100 ##$$a SITUMORANG, Victor M =245 ##$$a Pengantar hukum kepailitan di Indonesia, Victor M. Situmorang, hendri Soekarso =260 ##$$a 1994 $b Jakarta =300 ##$$a viii, 143 hlm, 21 cm =650 ##$$a Kepailitan (Hukum) =700 ##$$a SUKARSO, Hendri =850 ##$$a NBPNMAT